[Event "37th World Junior Girls"]
[Site "New Delhi IND"]
[Date "2019.10.15"]
[Round "1.1"]
[White "Zhu, Jiner"]
[Black "Tanishka, Kotia"]
[Result "1/2-1/2"]
[WhiteTitle "WIM"]
[BlackTitle "WFM"]
[WhiteElo "2507"]
[BlackElo "2090"]
[WhiteFideId "8608059"]
[BlackFideId "25005600"]
[EventDate "2019.10.15"]

1. e4 c5 2. Nf3 Nc6 3. d4 cxd4 4. Nxd4 Nf6 5. Nc3 g6 6. Nxc6 bxc6 7. e5 Ng8 8.
Bc4 Bg7 9. Bf4 Qb6 10. O-O f5 11. Re1 e6 12. Bb3 Nh6 13. Na4 Qc7 14. Be3 Nf7 15.
f4 O-O 16. Nc5 g5 17. g3 gxf4 18. gxf4 Nh6 19. h3 Kh8 20. Qf3 Ng8 21. Rad1 Ne7
22. c4 Ng6 23. Re2 Rf7 24. Kh1 Bf8 25. Rg1 Qa5 26. Nd3 Bb7 27. Kh2 Rg7 28. Bf2
Be7 29. h4 Rag8 30. h5 Nh4 31. Bxh4 Bxh4 32. Rgg2 Qd8 33. Bd1 Rxg2+ 34. Rxg2
Rxg2+ 35. Qxg2 Qg8 36. Qh3 Be7 37. Bf3 Ba8 38. b4 Qf8 39. a3 Qd8 40. Qg2 Qg8 41.
Qf2 Qb8 42. Qd4 Qc7 43. Nc5 a5 44. Na6 Qc8 45. Qb6 axb4 46. axb4 c5 1/2-1/2

[Event "37th World Junior Girls"]
[Site "New Delhi IND"]
[Date "2019.10.15"]
[Round "1.2"]
[White "Nastase, Andreea-Cristina"]
[Black "Tsolakidou, Stavroula"]
[Result "0-1"]
[WhiteTitle "WFM"]
[BlackTitle "IM"]
[WhiteElo "2077"]
[BlackElo "2431"]
[WhiteFideId "1221183"]
[BlackFideId "4264312"]
[EventDate "2019.10.15"]

1. Nf3 Nf6 2. g3 d5 3. Bg2 c6 4. O-O Bg4 5. d4 e6 6. Nbd2 Be7 7. c4 O-O 8. cxd5
exd5 9. Ne5 Bh5 10. Re1 Nbd7 11. Ndf3 a6 12. a3 Re8 13. Bf4 Nf8 14. Bg5 Ne4 15.
Bxe7 Qxe7 16. Qc2 Nd6 17. e3 f6 18. Nd3 g5 19. b3 Bg6 20. h4 h6 21. hxg5 hxg5
22. Nh2 Kg7 23. Qe2 Ne6 24. Qf1 Rh8 25. f4 Rh7 26. Nf2 Rah8 27. Nf3 Nf5 28. Bh3
Rxh3 29. Nxh3 g4 30. Nh4 Nxh4 31. gxh4 Be4 32. Nf2 Bf3 33. Nxg4 Bxg4 34. f5 Nf8
35. Qf4 Qe4 36. Qc7+ Kg8 37. Qg3 Kf7 38. Qc7+ Kg8 39. Qg3 Kh7 40. Qc7+ Kh6 41.
Qf4+ Qxf4 42. exf4 Bxf5 43. Re8 Ng6 44. Rae1 Be4 0-1

[Event "37th World Junior Girls"]
[Site "New Delhi IND"]
[Date "2019.10.15"]
[Round "1.3"]
[White "Salimova, Nurgyul"]
[Black "Bauyrzhan, Arnash"]
[Result "1-0"]
[WhiteTitle "FM"]
[WhiteElo "2415"]
[BlackElo "2075"]
[WhiteFideId "2915138"]
[BlackFideId "13706322"]
[EventDate "2019.10.15"]

1. e4 c5 2. Nf3 e6 3. d4 cxd4 4. Nxd4 a6 5. Nc3 Qc7 6. Be2 Nf6 7. O-O Nc6 8. Be3
Be7 9. f4 d6 10. Qe1 O-O 11. Qg3 Re8 12. Rae1 Bd7 13. Kh1 b5 14. e5 dxe5 15.
fxe5 Nxe5 16. Bh6 g6 17. Bd1 b4 18. Nb1 Bc5 19. Rxf6 Bxd4 20. c3 bxc3 21. bxc3
Rab8 22. Bb3 Bc5 23. Qxe5 Qxe5 24. Rxe5 Be7 25. Rf1 f6 26. Bxe6+ Bxe6 27. Rxe6
Kf7 28. Rxa6 1-0

[Event "37th World Junior Girls"]
[Site "New Delhi IND"]
[Date "2019.10.15"]
[Round "1.4"]
[White "Nomindalai, Tumurbaatar"]
[Black "Shuvalova, Polina"]
[Result "1/2-1/2"]
[WhiteTitle "CM"]
[BlackTitle "WIM"]
[WhiteElo "2061"]
[BlackElo "2412"]
[WhiteFideId "4904095"]
[BlackFideId "24171760"]
[EventDate "2019.10.15"]

1. d4 Nf6 2. Bf4 e6 3. e3 d5 4. Nd2 c5 5. c3 Bd6 6. Bg3 O-O 7. Ngf3 b6 8. Bd3
Bb7 9. Qe2 Nc6 10. Rd1 Rc8 11. e4 Be7 12. e5 Nh5 13. a3 Qd7 14. Nf1 Kh8 15. Ng5
g6 16. Nxh7 Rfe8 17. Qg4 cxd4 18. Bxg6 fxg6 19. Qxg6 Bh4 20. Ng5 Bxg5 21. Qxh5+
Qh7 22. Qxg5 Qe4+ 23. Kd2 Na5 24. Qh4+ Kg8 25. Qg5+ Kh7 26. Qh5+ Kg7 27. Qg5+
Kh7 28. Qh5+ Kg7 29. Qg5+ Kh7 30. Qh5+ Kg7 31. Qg5+ Kh7 1/2-1/2

[Event "37th World Junior Girls"]
[Site "New Delhi IND"]
[Date "2019.10.15"]
[Round "1.5"]
[White "Vaishali, R"]
[Black "Ortiz Verdezoto, Anahi"]
[Result "1-0"]
[WhiteTitle "WGM"]
[BlackTitle "WIM"]
[WhiteElo "2385"]
[BlackElo "2055"]
[WhiteFideId "5091756"]
[BlackFideId "3614581"]
[EventDate "2019.10.15"]

1. e4 e5 2. Nf3 Nc6 3. Bb5 a6 4. Ba4 Nf6 5. d3 d6 6. c3 Be7 7. O-O b5 8. Bc2 O-O
9. Re1 Nb8 10. d4 Nbd7 11. Nbd2 Bb7 12. Nf1 Re8 13. a4 c5 14. Ng3 g6 15. Bh6 Ng4
16. Bd2 Qc7 17. Ng5 Ngf6 18. f4 cxd4 19. cxd4 Qb6 20. Be3 exf4 21. a5 Qa7 22.
Bxf4 Ne5 23. Kh1 Nc6 24. Bb3 Rf8 25. Be3 Qb8 26. Rf1 Bc8 27. e5 dxe5 28. Bxf7+
Rxf7 29. Qb3 Nd8 30. Nxf7 Nxf7 31. Bg5 Kg7 32. Ne4 Bf5 33. Bxf6+ Bxf6 34. Nxf6
Kxf6 35. g4 exd4 36. Qd5 Ne5 37. gxf5 Qd8 38. Qe6+ 1-0

[Event "37th World Junior Girls"]
[Site "New Delhi IND"]
[Date "2019.10.15"]
[Round "1.7"]
[White "Narva, Mai"]
[Black "Gomez Barrera, Javiera Belen"]
[Result "1/2-1/2"]
[WhiteTitle "WIM"]
[BlackTitle "WIM"]
[WhiteElo "2378"]
[BlackElo "2033"]
[WhiteFideId "4500512"]
[BlackFideId "3418723"]
[EventDate "2019.10.15"]

1. e4 e5 2. Nf3 Nc6 3. Bb5 a6 4. Ba4 Nf6 5. O-O b5 6. Bb3 Bb7 7. Re1 Be7 8. c3
d5 9. exd5 Nxd5 10. Nxe5 Nxe5 11. Rxe5 c5 12. d3 O-O 13. a4 Qd6 14. Re1 Rae8 15.
Nd2 Nf4 16. Ne4 Qxd3 17. Bxf4 Bxe4 18. axb5 axb5 19. Qxd3 Bxd3 20. Ra7 c4 21.
Bxc4 bxc4 22. Rexe7 Rxe7 23. Rxe7 Bf5 24. Rb7 Be6 25. Be5 Re8 26. f4 f6 27. Bd4
Bd5 28. Rb5 Bf7 29. g4 h6 30. Kf2 Ra8 31. h4 Rc8 32. g5 hxg5 33. hxg5 fxg5 34.
Rxg5 g6 35. Rg2 Rb8 36. Ke3 Rb5 37. Be5 Kf8 38. Rh2 Ke7 39. Ke4 Bd5+ 40. Kd4 Bf7
41. Re2 Rd5+ 42. Ke4 Rb5 43. Rd2 Be6 44. Bd6+ Kf7 45. Bb4 Bf5+ 46. Ke3 Rb7 47.
Rh2 Rd7 48. Rh8 Kg7 49. Rb8 Rd3+ 50. Kf2 Rd2+ 51. Ke1 Rd7 52. Bc5 Be6 53. Bd4+
Kf7 54. Kf2 Bd5 55. Rb6 Be6 56. Ke3 Rd8 57. Ke4 Rd7 58. Rb8 Bd5+ 59. Ke5 Bc6 60.
Rb6 Rd5+ 61. Ke4 Rd6+ 62. Ke3 Re6+ 63. Be5 Bd7 64. Rb7 Re7 65. b3 Be6 66. Rxe7+
Kxe7 67. b4 Kd7 68. b5 Bf5 69. Kd4 Bd3 70. Kc5 Kc8 71. Kb6 Be4 72. Ka7 Bd5 73.
b6 Be4 74. Ka6 Bc6 75. Bd6 Bd5 76. Kb5 Kb7 77. Kc5 Be4 78. Kxc4 Kxb6 79. Kd4 1/2-1/2

[Event "37th World Junior Girls"]
[Site "New Delhi IND"]
[Date "2019.10.15"]
[Round "1.8"]
[White "Jain, Nityata"]
[Black "Potapova, Margarita"]
[Result "0-1"]
[WhiteTitle "WFM"]
[BlackTitle "WFM"]
[WhiteElo "2029"]
[BlackElo "2377"]
[WhiteFideId "35071289"]
[BlackFideId "14126869"]
[EventDate "2019.10.15"]

1. e4 c5 2. Nf3 d6 3. Bb5+ Nd7 4. O-O a6 5. Bd3 Ngf6 6. Re1 g6 7. c3 Bh6 8. Bc2
Ne5 9. Nxe5 dxe5 10. d3 Bg4 11. f3 Bxc1 12. Qxc1 Be6 13. Nd2 O-O 14. Nb3 Qc7 15.
Qe3 Rac8 16. Rac1 Rfd8 17. d4 Bxb3 18. Bxb3 c4 19. dxe5 Qxe5 20. Bc2 Qb5 21. b4
cxb3 22. Bxb3 Rd3 23. Qf2 Rcxc3 24. Rxc3 Rxc3 25. e5 Nd5 26. e6 Rd3 27. Qa7 Kg7
28. Rc1 Rd2 29. Kh1 Nf4 30. Qe3 Qe2 31. Qxe2 Rxe2 32. g3 Nxe6 33. Bc4 Re3 34.
Bd5 b5 35. Rc6 Nd4 36. Rxa6 Nxf3 37. Bc6 Nd4 38. Bd7 Re2 39. Bg4 Rd2 40. Ra3 e5
41. Bh3 Kh6 0-1

[Event "37th World Junior Girls"]
[Site "New Delhi IND"]
[Date "2019.10.15"]
[Round "1.9"]
[White "Divya, Deshmukh"]
[Black "Bakshi, Rutuja"]
[Result "1/2-1/2"]
[WhiteTitle "WIM"]
[WhiteElo "2358"]
[BlackElo "2029"]
[WhiteFideId "35006916"]
[BlackFideId "5016509"]
[EventDate "2019.10.15"]

1. Nf3 d5 2. g3 Nf6 3. Bg2 c6 4. d3 Bf5 5. Nbd2 e6 6. O-O Be7 7. Qe1 h6 8. e4
Bh7 9. Qe2 O-O 10. Rd1 Qc7 11. b3 a5 12. a4 Na6 13. Bb2 Rfd8 14. Ne1 Nb4 15. f4
b5 16. Kh1 Na6 17. Bf3 Nc5 18. e5 Nfd7 19. d4 Na6 20. axb5 cxb5 21. Qxb5 Nb4 22.
Rdc1 Rdb8 23. Qf1 Qb6 24. c4 Ra7 25. Bc3 Qd8 26. Qg2 Nb6 27. c5 Nd7 28. Ra4 Nc6
29. Nc2 Kh8 30. Ne3 f6 31. f5 fxe5 32. fxe6 exd4 33. Bxd4 Nxd4 34. exd7 Nxf3 35.
Qxf3 Rxd7 36. c6 Rc8 37. cxd7 Rxc1+ 38. Kg2 Qxd7 39. Rxa5 Bg8 40. Ra8 Rc8 41.
Rxc8 Qxc8 42. Nxd5 Qd7 43. Nxe7 Qxd2+ 44. Kf1 Qc1+ 45. Kg2 Qd2+ 46. Qf2 Qxf2+
47. Kxf2 Bxb3 48. Ke3 Kh7 49. Kf4 g6 50. Ke5 Kg7 51. Nc6 Ba2 52. Nd8 Bb3 53.
Ne6+ Kf7 54. Nc5 Ba2 55. g4 Bc4 56. h4 Be2 57. g5 hxg5 58. hxg5 Bc4 59. Kd6 Ba2
60. Nd7 Kg7 61. Ke7 Bb1 62. Nc5 Kg8 63. Kf6 Bc2 64. Nd7 Bb1 65. Ne5 Kh7 66. Kf7
Ba2+ 67. Kf8 Bb1 68. Ng4 Ba2 69. Nf6+ Kh8 1/2-1/2

[Event "37th World Junior Girls"]
[Site "New Delhi IND"]
[Date "2019.10.15"]
[Round "1.13"]
[White "Antova, Gabriela"]
[Black "Mirza, Diana"]
[Result "1-0"]
[WhiteTitle "FM"]
[BlackTitle "WFM"]
[WhiteElo "2318"]
[BlackElo "1986"]
[WhiteFideId "2915235"]
[BlackFideId "2503999"]
[EventDate "2019.10.15"]

1. d4 Nf6 2. c4 b6 3. Nf3 Bb7 4. Nc3 Ne4 5. Nxe4 Bxe4 6. e3 g6 7. Bd3 Bb7 8. e4
Bg7 9. Be3 c5 10. O-O cxd4 11. Bxd4 O-O 12. Bxg7 Kxg7 13. Qd2 d6 14. Rfe1 Nd7
15. Rad1 Qc7 16. b3 Rad8 17. Nd4 Ne5 18. Bb1 Qd7 19. Qg5 h6 20. Qg3 Qg4 21. Qe3
Nc6 22. h3 Qg5 23. Nc2 Qf6 24. Qd2 Ne5 25. f4 Nc6 26. Ne3 e6 27. Ng4 Qh4 28.
Qb2+ f6 29. Kh2 g5 30. g3 Qh5 31. Ne3 Kg8 32. Rf1 e5 33. Nf5 exf4 34. gxf4 gxf4
35. Qg2+ Qg5 36. Qf2 Kh8 37. Rg1 Qh5 38. Ng7 Qe5 39. Rd5 Qe7 40. Rh5 Qxg7 41.
Rxg7 Kxg7 42. Qxf4 Rh8 43. Rf5 Rhf8 44. Qg4+ Kf7 45. Qh5+ Ke6 46. Qxh6 Ne5 47.
Qf4 Rf7 48. Rh5 Rg8 49. Rh6 Ke7 50. Bc2 f5 51. Bd1 Bxe4 52. Qd2 Nd3 53. Bc2 Rfg7
54. Rh7 Rxh7 55. Bxd3 Rg2+ 56. Qxg2 Bxg2 57. Kxg2 Kf6 58. Kg3 Ke5 59. Be2 f4+
60. Kg2 Rg7+ 61. Bg4 Ke4 62. Kf2 a5 63. Bf3+ Kd3 64. Bd5 Rg3 65. Be6 Re3 66.
Bf5+ Kc3 67. h4 Kb2 68. h5 Kxa2 69. h6 Kxb3 70. h7 Re8 71. c5 dxc5 72. Be6+ c4
73. Bg8 Kb2 74. h8=Q+ c3 75. Qg7 Rxg8 76. Qxg8 c2 77. Qg7+ Kb1 78. Qg6 b5 79.
Ke2 b4 80. Kd2 b3 81. Qg1+ Ka2 82. Kc3 a4 83. Qc1 a3 84. Kb4 b2 85. Qxc2 f3 86.
Qb3+ 1-0

[Event "37th World Junior Girls"]
[Site "New Delhi IND"]
[Date "2019.10.15"]
[Round "1.14"]
[White "Vlkova, Anezka"]
[Black "Rakshitta, Ravi"]
[Result "0-1"]
[BlackTitle "WIM"]
[WhiteElo "1972"]
[BlackElo "2310"]
[WhiteFideId "364339"]
[BlackFideId "25073230"]
[EventDate "2019.10.15"]

1. e4 e5 2. Nf3 Nc6 3. Bc4 Bc5 4. c3 Nf6 5. d3 O-O 6. O-O d5 7. exd5 Nxd5 8. h3
Bf5 9. Re1 Nb6 10. Bb5 Bd6 11. d4 e4 12. Ng5 Re8 13. d5 a6 14. dxc6 axb5 15.
cxb7 Rb8 16. Qb3 Qf6 17. Qxb5 h6 18. a4 Be7 19. Qb3 hxg5 20. a5 Qe5 21. g3 Nd5
22. a6 Bc5 23. c4 e3 24. Bxe3 Bxe3 25. Rxe3 Nxe3 26. Qxe3 Qxb2 27. a7 Qxa1 28.
Qxe8+ Rxe8 29. b8=Q Kh7 30. Qb7 Qa4 0-1

[Event "37th World Junior Girls"]
[Site "New Delhi IND"]
[Date "2019.10.15"]
[Round "1.15"]
[White "Song, Yuxin"]
[Black "Punsalan, Vyanla M"]
[Result "1/2-1/2"]
[WhiteTitle "WIM"]
[BlackTitle "WFM"]
[WhiteElo "2292"]
[BlackElo "1964"]
[WhiteFideId "8614300"]
[BlackFideId "4305850"]
[EventDate "2019.10.15"]

1. e4 c5 2. Nf3 g6 3. c3 Bg7 4. d4 cxd4 5. cxd4 d5 6. e5 Bf5 7. Bb5+ Nc6 8. Nc3
a6 9. Bxc6+ bxc6 10. O-O e6 11. h3 h6 12. Bg5 f6 13. exf6 Bxf6 14. Bxf6 Qxf6 15.
Ne5 Ne7 16. Qa4 O-O 17. Nd7 Qh4 18. Nxf8 Rxf8 19. Qa3 Bd3 20. Nxd5 Nxd5 21. Qxd3
Nf4 22. Qf3 g5 23. Rae1 g4 24. Qxc6 gxh3 25. g3 Qg4 26. Kh1 Ne2 27. Rd1 Kh8 28.
Rd3 Rxf2 29. Qe8+ Kh7 30. Qe7+ Kg6 31. Qe8+ Kh7 32. Qe7+ Kg6 33. Qe8+ Kh7 34.
Qe7+ Kg6 1/2-1/2

[Event "37th World Junior Girls"]
[Site "New Delhi IND"]
[Date "2019.10.15"]
[Round "1.24"]
[White "Levitan, Ronit"]
[Black "Priyanka, Nutakki"]
[Result "0-1"]
[WhiteTitle "WCM"]
[BlackTitle "WIM"]
[WhiteElo "1893"]
[BlackElo "2248"]
[WhiteFideId "2815109"]
[BlackFideId "25049615"]
[EventDate "2019.10.15"]

1. e4 e6 2. d4 d5 3. Nd2 c5 4. exd5 Qxd5 5. Ngf3 cxd4 6. Bc4 Qd6 7. O-O Nc6 8.
Nb3 a6 9. Nbxd4 Nxd4 10. Nxd4 Qc7 11. Bb3 Bd6 12. Nf3 Ne7 13. c3 Bd7 14. Re1
O-O-O 15. Qe2 Ng6 16. Bc2 Bb5 17. Qe4 Bc6 18. Qe2 Bxf3 19. Qxf3 Bxh2+ 20. Kh1
Bf4 21. Be4 Bxc1 22. Raxc1 Rd2 23. Rc2 Rhd8 24. b4 Kb8 25. Kg1 Ne5 26. Qg3 Rd1
27. Rc1 Rxc1 28. Rxc1 f5 29. Bb1 Nc4 30. Qh4 g6 31. a4 Rd2 32. a5 e5 33. Bc2 e4
34. Bb3 Ne5 35. Qh6 Rb2 36. Ba4 Ng4 37. Qh4 g5 38. Qh5 Qf4 39. Rf1 Rxf2 40. Rd1
Rxg2+ 41. Kxg2 Qf3+ 42. Kg1 Qg3+ 0-1

[Event "37th World Junior Girls"]
[Site "New Delhi IND"]
[Date "2019.10.15"]
[Round "1.37"]
[White "Priyanka, K"]
[Black "Eesha, Ajay Sarda"]
[Result "1/2-1/2"]
[WhiteElo "2173"]
[BlackElo "1744"]
[WhiteFideId "5082986"]
[BlackFideId "35028677"]
[EventDate "2019.10.15"]

1. e4 c6 2. Nf3 d5 3. exd5 cxd5 4. Ne5 a6 5. d4 Nf6 6. Bd3 g6 7. c3 Bg7 8. Nd2
O-O 9. O-O Qc7 10. Ndf3 Nc6 11. Qe2 Nxe5 12. dxe5 Nd7 13. Re1 Nc5 14. h3 Bd7 15.
Bc2 Rac8 16. a4 Ne6 17. Bb3 Bc6 18. a5 Bb5 19. Qd1 Bc4 20. Be3 Nc5 21. Bc2 Rfd8
22. Bd4 Qc6 23. Ba4 Bb5 24. Bxc5 Qxc5 25. Nd4 Bxa4 26. Rxa4 Qc7 27. f4 e6 28. g4
Bf8 29. Kg2 Bc5 30. f5 Bxd4 31. Qxd4 Qc5 32. Qf4 d4 33. Rxd4 Rxd4 34. Qxd4 gxf5
35. gxf5 exf5 36. Qf4 Rc6 37. Kh2 Rg6 38. Qxf5 Kg7 39. Rf1 Qd5 40. Rf2 Qc4 41.
Qd7 Qb3 42. Rd2 Qc4 43. Qd4 Qe6 44. b4 Rg5 45. Re2 Rg6 46. c4 Kh6 47. Qd5 Qe7
48. b5 Qa3 49. Qd2+ Kg7 50. Re3 Qa1 51. Re1 Qa3 52. Rg1 Rxg1 53. Kxg1 Qc5+ 54.
Kh1 Qxc4 55. Qg2+ Kf8 56. Qxb7 Qf1+ 57. Kh2 Qe2+ 58. Kg1 Qe1+ 59. Kg2 Qe2+ 60.
Kg3 Qe3+ 61. Kg4 Qg1+ 62. Kf4 Qc1+ 63. Kg4 Qg1+ 64. Kf4 Qc1+ 65. Kg3 Qe3+ 66.
Kh2 Qe2+ 67. Kg3 Qe3+ 1/2-1/2

[Event "37th World Junior Girls"]
[Site "New Delhi IND"]
[Date "2019.10.15"]
[Round "1.40"]
[White "Lohani, Sujana"]
[Black "Harshita, Guddanti"]
[Result "0-1"]
[WhiteTitle "WFM"]
[BlackTitle "WIM"]
[WhiteElo "1671"]
[BlackElo "2123"]
[WhiteFideId "12311987"]
[BlackFideId "25043250"]
[EventDate "2019.10.15"]

1. d4 Nf6 2. Nf3 e6 3. c4 d5 4. g3 dxc4 5. Bg2 Bb4+ 6. Bd2 c5 7. Bxb4 cxb4 8.
Qc2 b5 9. O-O Bb7 10. Nbd2 Nc6 11. e3 Rc8 12. Rac1 Qb6 13. Ng5 Na5 14. Nde4 Nd7
15. Nxh7 Rxh7 16. Nd6+ Qxd6 17. Qxh7 Bxg2 18. Kxg2 g6 19. Rfd1 b3 20. axb3 Nxb3
21. Rb1 Nf8 22. Qh4 a5 23. Qg4 f5 24. Qe2 a4 25. h4 Qc6+ 26. Kg1 Kf7 27. g4 Qd5
28. f3 fxg4 29. fxg4 Qe4 30. Rf1+ Kg8 31. Rbe1 Nh7 32. Rf4 Qd3 33. Qf3 Nd2 34.
Qb7 Rf8 35. Rxf8+ Nxf8 36. Kf2 Qe4 37. Qxe4 Nxe4+ 38. Ke2 Nd7 39. Kd1 b4 40. Kc2
b3+ 41. Kc1 Nb6 42. Rf1 Nd5 43. Rf3 Nb4 44. Kd1 Nd3 45. Ke2 Nxb2 46. Rh3 a3 47.
Kf3 a2 48. Rh1 Nd2+ 0-1

[Event "37th World Junior Girls"]
[Site "New Delhi IND"]
[Date "2019.10.15"]
[Round "1.41"]
[White "Avetisyan, Mariam"]
[Black "Arushi, Kotwal"]
[Result "1-0"]
[WhiteTitle "WFM"]
[BlackTitle "WCM"]
[WhiteElo "2110"]
[BlackElo "1657"]
[WhiteFideId "13307622"]
[BlackFideId "25060856"]
[EventDate "2019.10.15"]

1. d4 Nf6 2. c4 g6 3. Nc3 d5 4. cxd5 Nxd5 5. Bd2 Bg7 6. e4 Nxc3 7. Bxc3 O-O 8.
Be2 Nc6 9. d5 Bxc3+ 10. bxc3 Na5 11. Qd2 c6 12. c4 cxd5 13. cxd5 b6 14. h4 Qd6
15. h5 Qe5 16. Rb1 Qxe4 17. Rb4 Qe5 18. Nf3 Qa1+ 19. Bd1 Ba6 20. Qh6 Qc3+ 21.
Nd2 Qg7 22. hxg6 fxg6 23. Rbh4 Qxh6 24. Rxh6 Rf7 25. Ne4 Raf8 26. Bg4 Bc8 27.
Be6 Bxe6 28. dxe6 Rg7 29. Ng5 Rf5 30. Nxh7 Re5+ 31. Kf1 Rh5 32. Ng5 Rxh1+ 33.
Rxh1 Nc6 34. Rh3 Nb4 35. a3 Na6 36. Rd3 Kh8 37. Rd7 Nc5 38. Rxa7 Nd3 39. Nf7+
Kh7 40. Rxe7 Nc5 41. Ng5+ Kh6 42. Rxg7 Kxg7 43. e7 1-0

[Event "37th World Junior Girls"]
[Site "New Delhi IND"]
[Date "2019.10.15"]
[Round "1.42"]
[White "Rousseau, Christilla"]
[Black "Blazeka, Mihaela"]
[Result "0-1"]
[BlackTitle "WFM"]
[WhiteElo "1648"]
[BlackElo "2109"]
[WhiteFideId "251801"]
[BlackFideId "14528576"]
[EventDate "2019.10.15"]

1. d4 Nf6 2. Bf4 e6 3. e3 b6 4. Nf3 Bb7 5. h3 g6 6. Be2 Bg7 7. O-O d6 8. c4 Nbd7
9. Nc3 O-O 10. Rc1 Nh5 11. Bh2 f5 12. b4 Qe7 13. Nb5 Ndf6 14. c5 dxc5 15. bxc5
Nd5 16. Ne5 Nhf6 17. Bf3 Rfc8 18. a4 a6 19. Nc3 Nxc3 20. Rxc3 Bxf3 21. gxf3 Nd5
22. Rc1 Qg5+ 23. Kh1 Qh4 24. Kg2 f4 25. e4 Ne7 26. Qb3 Qf6 27. Nd7 Qg5+ 28. Kh1
Bxd4 29. Qxe6+ Kg7 30. Bxf4 Qxf4 31. Qxe7+ Kh8 32. Kg2 bxc5 33. Nxc5 Rf8 34. Rc2
Qxf3+ 35. Kg1 Qg3+ 36. Kh1 Qxh3+ 37. Kg1 Qg3+ 38. Kh1 Qf3+ 39. Kg1 Rf4 40. Kh2
Rg4 41. Rg1 Rxg1 42. Kxg1 0-1

[Event "37th World Junior Girls"]
[Site "New Delhi IND"]
[Date "2019.10.15"]
[Round "1.44"]
[White "Abdala Cancino, Patricia Anastas"]
[Black "Dwilewicz, Katarzyna"]
[Result "0-1"]
[WhiteTitle "WCM"]
[BlackTitle "WFM"]
[WhiteElo "1608"]
[BlackElo "2106"]
[WhiteFideId "3424634"]
[BlackFideId "1148486"]
[EventDate "2019.10.15"]

1. e4 e5 2. Nf3 Nc6 3. Bc4 Bc5 4. c3 Nf6 5. d3 O-O 6. Bb3 a6 7. Be3 Ba7 8. Bxa7
Rxa7 9. Nbd2 d6 10. O-O Ne7 11. Nh4 d5 12. f4 exf4 13. Rxf4 Qd6 14. Qf1 Ng4 15.
Qf3 Ne5 16. Qe3 Nxd3 17. Rff1 Qc5 18. Rf3 c6 19. Raf1 Be6 20. Bc2 Qxe3+ 21. Rxe3
Nxb2 22. Nf5 b5 23. Rg3 Bxf5 24. exf5 f6 25. Rf4 Nc8 26. Nb3 Nc4 27. Nd4 Re8 28.
Kf2 c5 29. Ne6 Na3 30. Bb3 c4 31. Bd1 Nb1 32. Rd4 Nd6 33. Bf3 Nxc3 34. Bxd5 Nxd5
35. Rxd5 Ne4+ 36. Kf3 Nxg3 37. Kxg3 g6 38. Kf4 gxf5 39. Kxf5 Rae7 40. Nf4 Re5+
41. Kxf6 Rxd5 42. Nxd5 Rd8 43. Nb4 c3 0-1

[Event "37th World Junior Girls"]
[Site "New Delhi IND"]
[Date "2019.10.15"]
[Round "1.45"]
[White "Katkov, Michelle"]
[Black "Du Plessis, Anika"]
[Result "1-0"]
[WhiteTitle "WFM"]
[BlackTitle "WIM"]
[WhiteElo "2106"]
[BlackElo "1594"]
[WhiteFideId "2816393"]
[BlackFideId "14318610"]
[EventDate "2019.10.15"]

1. e4 c5 2. c3 Nf6 3. e5 Nd5 4. d4 cxd4 5. cxd4 d6 6. Nf3 Nc6 7. Bc4 Nb6 8. Bb5
a6 9. Bxc6+ bxc6 10. O-O g6 11. Re1 Bg7 12. Bg5 d5 13. Nc3 O-O 14. Na4 Nxa4 15.
Qxa4 Bd7 16. Qa3 Re8 17. Rac1 Bf8 18. Bd2 a5 19. Qe3 Qb6 20. b3 Rec8 21. Qf4 e6
22. Ng5 Be8 23. Qh4 h6 24. Nf3 Qd8 25. Qg3 Qe7 26. Be3 a4 27. h3 axb3 28. axb3
Qb4 29. Qh4 h5 30. g4 hxg4 31. hxg4 Bg7 32. Ng5 Qe7 33. Qh7+ Kf8 34. Nf3 f6 35.
Bh6 Bxh6 36. Qh8+ Kf7 37. Qxh6 fxe5 38. Nxe5+ Kg8 39. Re3 Qg7 40. Qg5 Ra7 41.
Rf3 Rac7 42. Rf6 Qh8 43. Nxg6 Bxg6 44. Rxg6+ Rg7 45. Qf6 Rxg6 46. Qxg6+ Kf8 47.
Qxe6 Re8 48. Qf5+ Kg8 49. Qg5+ Kf8 50. Qf4+ Kg8 51. Qg5+ Kf8 52. Qf5+ Kg8 53.
Qg6+ Kf8 54. Qxc6 Qxd4 55. Qc5+ Qxc5 56. Rxc5 Rd8 57. Kf1 Kf7 58. Ke2 Ke6 59. f4
Rb8 60. Rc3 d4 61. Rd3 Kd5 62. f5 Ke4 63. f6 Rf8 64. g5 Kf5 65. Rg3 Kg6 66. Kd3
Rd8 67. b4 Rd7 68. Rg4 Rb7 69. Kc4 Rb8 70. Rg3 Rb7 71. b5 d3 72. Rxd3 Kxg5 73.
Rf3 1-0

[Event "37th World Junior Girls"]
[Site "New Delhi IND"]
[Date "2019.10.15"]
[Round "1.46"]
[White "Djuric, Anja"]
[Black "Ferkova, Dominika"]
[Result "0-1"]
[BlackTitle "WFM"]
[WhiteElo "1493"]
[BlackElo "2096"]
[WhiteFideId "14406969"]
[BlackFideId "14933071"]
[EventDate "2019.10.15"]

1. e4 c6 2. d4 d5 3. e5 Bf5 4. Nf3 e6 5. Be2 Ne7 6. O-O h6 7. h3 Nd7 8. b3 Bh7
9. Bb2 Ng6 10. Nbd2 Nf4 11. Re1 Nxe2+ 12. Rxe2 Be7 13. Nf1 O-O 14. Rc1 c5 15. c4
dxc4 16. bxc4 cxd4 17. Nxd4 a6 18. Nb3 Nc5 19. Nxc5 Bxc5 20. Rd2 Qg5 21. Qf3 b6
22. Rd7 Rad8 23. Rcd1 Rxd7 24. Rxd7 Bg6 25. Qg3 Qf5 26. Bd4 Qb1 27. Qb3 Rc8 28.
g3 Bd3 29. Qxb1 Bxb1 30. Bxc5 Rxc5 31. Nd2 Bxa2 32. Rd6 b5 33. Rxa6 Bxc4 34. Ra5
Bd5 35. f4 Rc2 36. Rxb5 Rxd2 37. Rb8+ Kh7 38. g4 Rg2+ 39. Kf1 Rg3 40. Rd8 Rf3+
41. Ke2 Rxf4 0-1

[Event "37th World Junior Girls"]
[Site "New Delhi IND"]
[Date "2019.10.15"]
[Round "1.47"]
[White "Kairbekova, Amina"]
[Black "Reid, Caitlin"]
[Result "1-0"]
[WhiteTitle "WFM"]
[WhiteElo "2096"]
[BlackElo "1489"]
[WhiteFideId "13712799"]
[BlackFideId "2405059"]
[EventDate "2019.10.15"]

1. e4 c5 2. Nf3 Nc6 3. d4 cxd4 4. Nxd4 g6 5. c4 Bg7 6. Be3 e6 7. Nc3 a6 8. Be2
Nge7 9. O-O Qc7 10. Kh1 b6 11. f4 Bb7 12. Rc1 h5 13. Na4 Nc8 14. Bf3 e5 15. Ne2
Bh6 16. Nac3 Nd4 17. Bxd4 exd4 18. Qxd4 O-O 19. e5 Re8 20. Bxb7 Qxb7 21. Nd5 Re6
22. Nf6+ Kg7 23. f5 Rc6 24. Nxd7 Bxc1 25. e6+ Kh6 26. Qh8+ Kg5 27. h4+ Kxh4 28.
Qf6+ g5 29. Kh2 Qc7+ 30. Ne5 Rxc4 31. g3# 1-0

[Event "37th World Junior Girls"]
[Site "New Delhi IND"]
[Date "2019.10.16"]
[Round "2.1"]
[White "Tsolakidou, Stavroula"]
[Black "Mrudul, Dehankar"]
[Result "0-1"]
[WhiteTitle "IM"]
[BlackTitle "WCM"]
[WhiteElo "2431"]
[BlackElo "2227"]
[WhiteFideId "4264312"]
[BlackFideId "25096990"]
[EventDate "2019.10.15"]

1. e4 c6 2. d4 d5 3. exd5 cxd5 4. Bd3 Nc6 5. c3 Qc7 6. Ne2 Bg4 7. O-O e6 8. Qe1
Nf6 9. f3 Bh5 10. Qh4 Rg8 11. Bxh7 Bxf3 12. Bxg8 Bxe2 13. Rxf6 gxf6 14. Qxf6 Bd6
15. Kf2 Ba6 16. g3 Qe7 17. Qg7 Kd7 18. Bh6 Qf6+ 19. Ke1 Qf1+ 20. Kd2 Qf2+ 21.
Kd1 Bd3 22. Qg4 Qxb2 23. Qf3 Bc2+ 0-1